[Event "BIH-chT1A 28th"]
[Site "Mostar"]
[Date "2021.08.08"]
[Round "5.2"]
[White "Huremovic, Fadil"]
[Black "Mahmutbegovic, Muharem"]
[Result "1/2-1/2"]
[WhiteElo "1670"]
[BlackElo "1968"]
[PlyCount "109"]
[EventDate "2021.08.06"]
[EventType "team-tourn"]
[EventRounds "9"]
[EventCountry "BIH"]
[SourceTitle "CBM 203 Extra"]
[Source "ChessBase"]
[SourceDate "2021.09.30"]
[SourceVersion "1"]
[SourceVersionDate "2021.09.30"]
[SourceQuality "1"]
[WhiteTeam "Tesanj"]
[BlackTeam "Zivinice"]
[WhiteTeamCountry "BIH"]
[BlackTeamCountry "BIH"]

1. d4 Nf6 2. f4 d5 3. Nf3 Nc6 4. c3 Bf5 5. e3 e6 6. Bb5 Bd6 7. Nbd2 0-0 8. 0-0 Ne4 9. a3 Ne7 10. Qe2 Ng6 11. Qe1 c5 12. Be2 c4 13. Ne5 Bxe5 14. fxe5 Nxd2 15. Bxd2 Be4 16. Bf3 Qg5 17. Bxe4 dxe4 18. Qe2 Rac8 19. Be1 Rc6 20. Bg3 f5 21. exf6 gxf6 22. Rae1 f5 23. Bf4 Qf6 24. Qh5 Nxf4 25. Rxf4 Qg6 26. Qh3 Rf7 27. g3 Qf6 28. Ref1 Qe7 29. Qh5 Rd6 30. Kh1 Qf8 31. Kg2 Qg7 32. Rd1 Qf6 33. Qe2 b5 34. a4 a6 35. axb5 axb5 36. Ra1 Rfd7 37. Ra5 e5 38. Rh4 Rd5 39. Ra8+ Kg7 40. Qf2 Rf7 41. Ra1 Qg5 42. Rf1 exd4 43. cxd4 Re7 44. Rf4 Kg6 45. h4 Qf6 46. Rg4+ Kf7 47. Rg5 Ke6 48. Qf4 Rg7 49. Ra1 Rd6 50. d5+ Ke7 51. Ra7+ Rd7 52. Rxg7+ Qxg7 53. Rxd7+ Kxd7 54. Qxf5+ Kd6 55. Qe6+ 1/2-1/2

[Event "BIH-chT2 27th"]
[Site "Lukavac"]
[Date "2020.11.01"]
[Round "4.6"]
[White "Huremovic, Fadil"]
[Black "Osmic, Enis"]
[Result "1/2-1/2"]
[WhiteElo "1733"]
[BlackElo "1523"]
[PlyCount "106"]
[EventDate "2020.10.30"]
[EventType "team-tourn"]
[EventRounds "5"]
[EventCountry "BIH"]
[SourceTitle "CBM 199 Extra"]
[Source "ChessBase"]
[SourceDate "2021.01.31"]
[SourceVersion "1"]
[SourceVersionDate "2021.01.31"]
[SourceQuality "1"]
[WhiteTeam "Tesanj"]
[BlackTeam "Sloboda Kadeti"]
[WhiteTeamCountry "BIH"]
[BlackTeamCountry "BIH"]

1. e4 d5 2. exd5 Qxd5 3. Nf3 Nf6 4. Nc3 Qa5 5. h3 c6 6. Be2 Bf5 7. d3 e6 8. Bd2 Nbd7 9. 0-0 Be7 10. a3 0-0 11. Qe1 h6 12. Qc1 Rfe8 13. Nd1 Qc7 14. Bf4 Bd6 15. Bxd6 Qxd6 16. Ne3 Bg6 17. Nc4 Qc7 18. Nh4 Bh7 19. Re1 Nd5 20. Nf3 N7f6 21. Bf1 Rad8 22. Ne3 Nxe3 23. Qxe3 a6 24. Rad1 Nd5 25. Qe5 Qxe5 26. Nxe5 f6 27. Nf3 e5 28. Nd2 Kf8 29. g3 Nc7 30. Bg2 Ne6 31. Nb3 Nd4 32. Nxd4 Rxd4 33. Be4 Bxe4 34. Rxe4 Rxe4 35. dxe4 Ke7 36. Kf1 Rd8 37. Rxd8 Kxd8 38. Ke2 Kd7 39. Kd3 Ke6 40. Ke3 Kd7 41. f3 g6 42. b3 b6 43. c3 Ke6 44. c4 c5 45. h4 h5 46. g4 Kd6 47. Kd3 Kd7 48. gxh5 gxh5 49. Ke3 Kd6 50. Kd3 Kc6 51. Kc3 a5 52. Kd3 Kd6 53. Ke3 Ke6 1/2-1/2

[Event "BIH-chT2 27th"]
[Site "Lukavac"]
[Date "2020.10.31"]
[Round "3.6"]
[White "Rogovic, Ismet"]
[Black "Huremovic, Fadil"]
[Result "1/2-1/2"]
[WhiteElo "1956"]
[BlackElo "1733"]
[PlyCount "83"]
[EventDate "2020.10.30"]
[EventType "team-tourn"]
[EventRounds "5"]
[EventCountry "BIH"]
[SourceTitle "CBM 199 Extra"]
[Source "ChessBase"]
[SourceDate "2021.01.31"]
[SourceVersion "1"]
[SourceVersionDate "2021.01.31"]
[SourceQuality "1"]
[WhiteTeam "Zivinice"]
[BlackTeam "Tesanj"]
[WhiteTeamCountry "BIH"]
[BlackTeamCountry "BIH"]

1. e4 c5 2. Nf3 Nc6 3. d4 cxd4 4. Nxd4 e6 5. Nc3 a6 6. Be2 Bb4 7. 0-0 Bxc3 8. bxc3 h6 9. Bf4 Nge7 10. Bd3 d6 11. Be3 0-0 12. f4 Qa5 13. Qd2 f5 14. Nb3 Qd8 15. Rad1 fxe4 16. Bxe4 d5 17. Bf3 Nf5 18. Bc5 Re8 19. Bh5 Bd7 20. Bxe8 Bxe8 21. Rde1 Bf7 22. Nd4 Ncxd4 23. Bxd4 Rc8 24. Be5 Qa5 25. Rb1 b5 26. g4 Qb6+ 27. Qf2 Qxf2+ 28. Kxf2 Ne7 29. Ke3 Bg6 30. Rf2 Nc6 31. Bd6 Na5 32. Bb4 Nc4+ 33. Kd4 Be4 34. Re1 a5 35. Bc5 Rc7 36. Rfe2 Rf7 37. Rxe4 dxe4 38. Kxe4 Nd2+ 39. Ke3 Nc4+ 40. Kf3 g5 41. Rxe6 Rxf4+ 42. Kg3 1/2-1/2

[Event "Lukavac op 8th"]
[Site "Lukavac"]
[Date "2019.11.24"]
[Round "5"]
[White "Unuvar, Kaan"]
[Black "Huremovic, Fadil"]
[Result "0-1"]
[WhiteElo "1144"]
[BlackElo "1795"]
[PlyCount "114"]
[EventDate "2019.11.22"]
[EventType "swiss"]
[EventRounds "7"]
[EventCountry "BIH"]
[SourceTitle "CBM 193 Extra"]
[Source "ChessBase"]
[SourceDate "2020.01.31"]
[SourceVersion "1"]
[SourceVersionDate "2020.01.31"]
[SourceQuality "1"]

1. e4 c5 2. c3 e5 3. Nf3 Nc6 4. Bc4 h6 5. d4 cxd4 6. cxd4 Qe7 7. Nc3 Nf6 8. 0-0 Qb4 9. Qd3 d6 10. Bd2 Qb6 11. dxe5 Nxe5 12. Nxe5 dxe5 13. a3 Be7 14. Be3 Qd8 15. Bb5+ Kf8 16. Qxd8+ Bxd8 17. Bc5+ Be7 18. Rfd1 Bg4 19. f3 Bxc5+ 20. Kf1 Be6 21. Rd2 a6 22. Ba4 b5 23. Bc2 Ke7 24. Rad1 Rhd8 25. Ke2 Bc4+ 26. Ke1 Rxd2 27. Rxd2 Rd8 28. Rxd8 Kxd8 29. b4 Bd4 30. Ne2 Bb2 31. a4 Ba3 32. axb5 axb5 33. Ng3 Bxb4+ 34. Kd1 g6 35. h3 Ke7 36. Kc1 Be1 37. Nh1 Bf1 38. Kd1 Bc3 39. Ng3 Bxg2 40. Ke2 Bxh3 41. Kf2 Be6 42. Ne2 Bd2 43. Ng3 Bc4 44. Kg2 b4 45. Nf1 Bc1 46. Kf2 b3 47. Bb1 h5 48. Ne3 Be6 49. Ke2 h4 50. Kf2 h3 51. Nf1 Bf4 52. Kg1 Bc4 53. Nh2 Be2 54. Kh1 b2 55. Bc2 Bxh2 56. Kxh2 Bxf3 57. Kxh3 Bxe4 0-1

[Event "BIH-ch 12th"]
[Site "Lukavac"]
[Date "2018.12.15"]
[Round "4"]
[White "Osmic, Enis"]
[Black "Huremovic, Fadil"]
[Result "1/2-1/2"]
[WhiteElo "1537"]
[BlackElo "1796"]
[PlyCount "91"]
[EventDate "2018.12.13"]
[EventType "swiss"]
[EventRounds "7"]
[EventCountry "BIH"]
[SourceTitle "CBM 187 Extra"]
[Source "ChessBase"]
[SourceDate "2018.11.04"]
[SourceVersion "1"]
[SourceVersionDate "2018.11.04"]
[SourceQuality "1"]

1. e4 Nc6 2. Nf3 e5 3. Nc3 d6 4. h3 Nf6 5. Bc4 h6 6. d4 exd4 7. Nxd4 Bd7 8. Be3 Be7 9. Qf3 0-0 10. Qg3 Kh8 11. 0-0 Ne5 12. Bb3 Nh5 13. Qh2 c5 14. Nde2 b5 15. Bd5 Rb8 16. Ng3 Nf6 17. f4 Nc6 18. Bxc6 Bxc6 19. Nf5 Nxe4 20. Rfe1 Nxc3 21. bxc3 Bf6 22. Rad1 Bxc3 23. Rxd6 Qa5 24. Red1 Be4 25. Nxh6 gxh6 26. Rxh6+ Bh7 27. Qg3 Rb6 28. Bxc5 Rxh6 29. Bxf8 Rg6 30. Qe3 Qb6 31. Bc5 Qf6 32. Rd3 Qc6 33. Rd8+ Bg8 34. Qxc3+ f6 35. g4 Qe4 36. Qe3 Qxc2 37. Rxg8+ Rxg8 38. f5 Qb1+ 39. Kg2 Qxa2+ 40. Kg3 Qf7 41. Qh6+ Qh7 42. Qxf6+ Qg7 43. Qh4+ Qh7 44. Bd4+ Rg7 45. Qd8+ Qg8 46. Qh4+ 1/2-1/2